A R.W. Fassbinder en la hora de su muerte = An R.W. Fassbinder in der Stunde seines Todes /
Salvato in:
| Autore principale: | |
|---|---|
| Altri autori: | |
| Natura: | Libro |
| Lingua: | spagnolo |
| Pubblicazione: |
Quilpué, Chile :
El Retiro,
2002, c2002
|
| Soggetti: | |
| Tags: |
Nessun Tag, puoi essere il primo ad aggiungerne!!
|
MARC
| LEADER | 00000nam^a2200000^a^4500 | ||
|---|---|---|---|
| 001 | 000184935 | ||
| 005 | 20250521000000.0 | ||
| 009 | 20260310102133.889 | ||
| 020 | |a 956-291-545-X | ||
| 037 | |a Acervo ITESO - Biblioteca | ||
| 041 | |a ESP | ||
| 082 | |a 861. |b LOR | ||
| 100 | |a Lorca, Carolina |e (autor) | ||
| 245 | 1 | 0 | |a A R.W. Fassbinder en la hora de su muerte = |b An R.W. Fassbinder in der Stunde seines Todes / |c C. Lorca ; ap. de R.W. Fassbinder. |
| 264 | 4 | |a Quilpué, Chile : |b El Retiro, |c 2002, c2002 | |
| 300 | |a 55 p. | ||
| 336 | |a texto |b txt |2 rdacontenido | ||
| 337 | |a sin mediación |b n |2 rdamedio | ||
| 338 | |a volumen |b nc |2 rdasoporte | ||
| 545 | 0 | |a Carolina Lorca, escritora chilena nacida en 1954, inició su trayectoria literaria con una autoedición clandestina de un primer libro de poemas en 1978, después del cual debieron transcurrir 21 años hasta la aparición del volumen Ciegos. Trilogía de los presentimientos (2001), galardonado en 2002 con la Primera Mención del Premio de Poesía Municipalidad de Santiago, y A R.W. Fassbinder en la hora de su muerte (2002), una meditación sobre la figura del poeta dedicada al célebre cineasta alemán Rainer Werner Fassbinder (1945-1982), se cuentan entre las siguientes obras de Lorca, quien ha tomado parte en lecturas y encuentros de poesía en su país natal, Austria, España y Hungría. | |
| 546 | |a Edición bilingüe español-alemán | ||
| 649 | |a XX | ||
| 650 | |a Cineastas Alemanes | ||
| 650 | |a Poesía Chilena | ||
| 650 | |a Cine en la Literatura | ||
| 650 | |a Literatura y Cine | ||
| 650 | |a Literatura de Mujeres - |z Chile | ||
| 650 | |a Literatura Chilena - |y Siglo XXI | ||
| 650 | |a Fassbinder, Rainer Werner - |x Tema Principal | ||
| 600 | |a Sirk, Douglas | ||
| 700 | |a Fassbinder, Rainer Werner |e (apéndice) | ||
| 910 | |a Fondo General | ||
| 920 | |a Impresos - Libros | ||
| 930 | |a Reserva Especial | ||
| 940 | |a Literatura | ||
| 905 | |a 103 | ||
| 901 | |a 0500126008 |b IT1 |c REE |u 20250521 | ||
| 902 | |a https://opac.biblio.iteso.mx/vufind/Record/000184935 | ||